Normal view
MARC view
Entry Uniform Title
001 - CONTROL NUMBER
- control field: 25901
003 - CONTROL NUMBER IDENTIFIER
- control field: dpl
005 - DATE AND TIME OF LATEST TRANSACTION
- control field: 20110214103217.0
008 - FIXED-LENGTH DATA ELEMENTS
- fixed length control field: 110214|||a|||||| | ||| d
040 ## - CATALOGING SOURCE
- Original cataloging agency: dpl
- Transcribing agency: dpl
130 ## - HEADING--UNIFORM TITLE
- Uniform title: नवसाक्षर साहित्यमाला
670 ## - SOURCE DATA FOUND
- Source citation: Work cat.: (dpl): गुरदयाल सिंह 25900, डूबा हुआ किला /, 2010
670 ## - SOURCE DATA FOUND
- Source citation: Work cat.: (dpl): गुरदयाल सिंह 25900, डूबा हुआ किला /, 2010
